| 000 | 01160nam a2200313 a 4500 | ||
|---|---|---|---|
| 001 | 0000397 | ||
| 003 | DO-SdBNP | ||
| 005 | 20180307134056.0 | ||
| 007 | 0000397 | ||
| 008 | 091125s200u dr a 000 0 spa d | ||
| 020 | _a9945400274 | ||
| 040 |
_aBPMSU _bspa _cBPMSU |
||
| 092 |
_a373.832 _bH519e 1ro. [20--] |
||
| 100 | 1 | _aHenríquez Paulino, Eudy | |
| 245 | 1 | 0 |
_aEducación moral y cívica 3 : _beducación media / _cEudy Henríquez Paulino |
| 260 |
_aSanto Domingo : _bActualidad Escolar 2000, _c[200-]. |
||
| 300 |
_a120 p. : _bil. ; _c27 cm. |
||
| 500 | _aPrimer grado-Segundo ciclo-Educación media | ||
| 505 | 0 |
_tPrincipios: soberanía del pueblo -- _tEl estado dominicano -- _tRelación de convivencia entre el centro educativo y la comunidad. |
|
| 650 | 4 |
_aCÍVICA _xENSEÑANZA SECUNDARIA |
|
| 650 | 4 |
_aCÍVICA _xEDUCACIÓN SECUNDARIA |
|
| 650 | 4 |
_aEDUCACIÓN SECUNDARIA _zREPÚBLICA DOMINICANA |
|
| 650 | 4 |
_aCÍVICA _xESTUDIOS Y EJERCICIOS |
|
| 650 | 4 |
_aCÍVICA _xLIBROS DE TEXTOS |
|
| 910 | _a Validado. Control de calidad MFF | ||
| 942 |
_2ddc _cBK |
||
| 945 | _aRemanejado para la BNPHU / 2018 VM | ||
| 956 |
_aYngrid Lockward _b10 |
||
| 999 |
_c10304 _d10304 |
||